Spreadsheet Implementation Technology: Basics and Extensions
| Autor principal: | |
|---|---|
| Format: | Desconegut |
| Publicat: |
The MIT Press
2014
|
| LEADER | 00229 a2200085 4500 | ||
|---|---|---|---|
| 020 | |a 978-0262526647 | ||
| 100 | |a Peter Sestoft | ||
| 245 | |a Spreadsheet Implementation Technology: Basics and Extensions | ||
| 260 | |b The MIT Press |c 2014 | ||
| 999 | |c 42147 |d 42147 | ||